000 00908nas a2200277 4500
001 BR9508014
003 BR-BrBNA
005 20231205095447.0
007 ta
008 230509b bl.|||p| |||| 00| 00por d
040 _aBR-BrBNA
_bpor
_cBiblioteca Nacional de Agricultura
041 _a(En)
072 _aF01; F50
100 1 _aPrioli, A.J.
100 1 _aMangolin, C.A.
100 1 _aOliveira, S.A. de
100 1 _aMachado, M. de F.P.S.
245 1 _aIsozymes as markers of the effect of growth regulator combinations on callus tissues from long-term cultures of Cereus peruvianus (Cactaceae)
650 _aCacto
650 _aEnzima
650 _aCultura de Tecido
650 _aRegulador de Crescimento
773 0 _tRevista Brasileira de Genetica (Brazil)
_xISSN 0100-8455
_g(Mar 1985), v. 18(1) p. 105-109
_wBR9508014
909 _a202311
_bLúcia
_c55
_dLúcia Elande
942 _2AGRIS
_n0
_cANA
999 _c150824
_d150824